|
|
|
|
| LEADER |
00752nab a2200169 i 4500 |
| 001 |
misc28103 |
| 005 |
20191111110352.0 |
| 008 |
171025s1959 hu o 0|| zxx d |
| 040 |
|
|
|a SZTE Miscellanea Repozitórium
|b hun
|
| 041 |
|
|
|a zxx
|
| 100 |
1 |
|
|a Csillik Bertalan
|
| 245 |
1 |
0 |
|a Submicroscopic organization of post-synaptic membranes = (A postsynapticus [!posztszinaptikus] membranok [!membránok] submikroszkopikus [!szubmikroszkopikus] organizaciója [!organizációja])
|h [elektronikus dokumentum] /
|c Csillik Bertalan
|
| 260 |
|
|
|c 1959
|
| 300 |
|
|
|a 1
|
| 490 |
0 |
|
|a Kolligátum
|
| 695 |
|
|
|a Idegrendszer - anatómia, Idegélettan, Laboratóriumi technika - ólom alkalmazása
|
| 856 |
4 |
0 |
|u http://misc.bibl.u-szeged.hu/28103/1/018_021_311.pdf
|z Dokumentum-elérés
|